El ingenioso hidalgo don Quijote de La Mancha / (Registro nro. 15804)

Detalles MARC
000 - LÍDER
campo de control de longitud fija 00949nam a2200289 i 4500
005 - FECHA Y HORA DE LA ÚLTIMA TRANSACCIÓN
campo de control 20210818182346.0
008 - ELEMENTOS DE DATOS DE LONGITUD FIJA - INFORMACIÓN GENERAL
campo de control de longitud fija 091210s2004 sp gr 000 f spa d
020 ## - INTERNATIONAL STANDARD BOOK NUMBER
International Standard Book Number 8467012463
040 ## - FUENTE DE CATALOGACIÓN
Agencia de catalogación original COMFC
Lenguaje de catalogación spa
Descripción convenciones rda
041 ## - CÓDIGO DE LENGUAJE
Código de idioma de texto / pista de sonido o título separado spa
082 04 - NÚMERO DE CLASIFICACIÓN DECIMAL DEWEY
Número de clasificación 863.6
Número de artículo SA112i
100 1# - ENTRADA PRINCIPAL - NOMBRE PERSONAL
Nombre de la persona Cervantes Saavedra, Miguel de,
Fechas asociadas a un nombre 1547-1616.
Término del Relator aut
245 13 - TÍTULO DECLARACIÓN
Título El ingenioso hidalgo don Quijote de La Mancha /
Declaración de responsabilidad Miguel de Cervantes Saavedra.
264 01 - AVISO DE PRODUCCIÓN, PUBLICACIÓN, DISTRIBUCIÓN, FABRICACIÓN Y DERECHOS DE AUTOR
Lugar de producción Madrid :
Nombre del productor Espasa Calpe,
Fecha de producción 2004.
300 ## - DESCRIPCIÓN FÍSICA
Alcance 680 páginas ;
Dimensiones 18 cm.
336 ## - TIPO DE CONTENIDO
Fuente rdacontent
Tipo de contenido txt
337 ## - TIPO DE MEDIO
Fuente rdamedia
Término del tipo de medio n
338 ## - TIPO DE PORTADOR
Fuente rdacarrier
Término del tipo de operador nc
490 ## - DECLARACIÓN EN SERIE
-- 55639
Estado de cuenta de la serie Biblioteca IV Centenario
500 ## - NOTA GENERAL
Nota general Incluye índice
650 #0 - ENTRADA DE SUJETO AÑADIDO - TÉRMINO TÓPICO
Término tópico o elemento de entrada del nombre geográfico Novela Española
9 (RLIN) 24817
650 #6 - ENTRADA DE SUJETO AÑADIDO - TÉRMINO TÓPICO
Término tópico o elemento de entrada del nombre geográfico Locura
Subdivisión de forma Novela.
650 ## - ENTRADA DE SUJETO AÑADIDO - TÉRMINO TÓPICO
Término tópico o elemento de entrada del nombre geográfico Amistad
Subdivisión de forma Novela.
650 #0 - ENTRADA DE SUJETO AÑADIDO - TÉRMINO TÓPICO
Término tópico o elemento de entrada del nombre geográfico Caballeros y Caballeria
Subdivisión de forma Novela.
9 (RLIN) 19316
650 ## - ENTRADA DE SUJETO AÑADIDO - TÉRMINO TÓPICO
Término tópico o elemento de entrada del nombre geográfico Historias de aventuras.
942 ## - ELEMENTOS DE ENTRADA AGREGADOS (KOHA)
Fuente de clasificación o esquema de estanterías Dewey Decimal Classification
Parte de clasificación 863.6 SA112i
Prefijo del número de llamada 863.6
Sufijo del número de llamada SA112i
Existencias
Estado de retirada Pérdida de estatus Fuente de clasificación o esquema de estanterías Estado dañado No para préstamo Código de recogida Ubicación permanente Ubicación actual Ubicación de las estanterías Fecha de adquisición Total de Cajas Número Topográfico Código de barras Precio efectivo desde Número de copia Fecha de la última vez que se vio Tipo de artículo Koha
    Dewey Decimal Classification     General Biblioteca Pública Departamental Comfamiliar Risaralda Biblioteca Pública Departamental Comfamiliar Risaralda Área General 22/01/2020   863.6 SA112i 1005057 22/01/2020 Ej. 1 22/01/2020 Libro